Logo BPK

Biblioteka

Politechniki Koszalińskiej

Geneza konstytucji z 17 marca 1921 r. / (Rekord nr 17687)

Szczegóły MARC
000 -ETYKIETA REKORDU
podpole kontrolne o stałej długości 00332nam a2200133 i 4500
001 - NUMER KONTROLNY REKORDU
pole kontrolne bg
040 ## - ŹRÓDŁO KATALOGOWANIA
Instytucja, która utworzyła rekord BPK
041 ## - KOD JĘZYKA
Kod języka tekstu pol
008 - POLE O STAŁEJ DŁUGOŚCI - DANE KONTROLNE
podpole kontrolne o stałej długości s pl f |000 0 pol
100 1# - NAZWA OSOBOWA
Nazwa osobowa KRUKOWSKI, Stanisław
245 #0 - TYTUŁ/ODPOWIEDZIALNOŚĆ
Tytuł Geneza konstytucji z 17 marca 1921 r. /
Pozostałe elementy strefy tytułu i oznaczenia odpowiedzialności Stanisław Krukowski.
260 ## - STREFA ADRESU WYDAWNICZEGO
Miejsce wydania Warszawa,
Data publikacji, dystrybucji/powstania dokumentu 1977.
856 ## - LOKALIZACJA I DOSTĘP DO ELEKTRONICZNYCH DOKUMENTÓW ZDALNYCH
Link (URL) http://koha.tu.koszalin.pl/cgi-bin/koha/opac-detail.pl?biblionumber=17687
Tekst linku Katalog online BPK
942 ## - DODATKOWE ELEMENTY (KOHA)
Typ dokumentu Książka
Egzemplarze
Wycofany Status egzemplarza Uszkodzony Dostępność Lokalizacja stała Lokalizacja bieżąca Miejsce przechowywania Sygnatura Kod kreskowy Typ dokumentu
      Dostępny Biblioteka Politechniki Koszalińskiej Biblioteka Politechniki Koszalińskiej Wypożyczalnia BG 23238 01440928 Książka
© 2023 Biblioteka Politechniki Koszalińskiej :: KOHA